| 000 | 00363nam a2200157Ia 4500 | ||
|---|---|---|---|
| 100 | _aKrishna Kumar | ||
| 650 | _aGeneral | ||
| 942 | _cBK | ||
| 654 | _acataloguing practic | ||
| 245 | _aAn Intrd . to Cataloguing Practice | ||
| 260 |
_bVikas Publishing House _aNew Delhi _c1986 |
||
| 082 |
_a25.31 _bKRI |
||
| 300 | _a298 | ||
| 546 | _aENGLISH | ||
| 999 |
_c34831 _d34831 |
||